000 00333pam a2200157a 44500
008 230515b1960 xxu||||| |||| 00| 0 eng d
020 _aNULL
041 _aSANSKRIT
082 _a1
100 _aJOSHI
245 _aDRWAGUNASHATRAM
250 _a1
260 _aSANGAI
_bN.D.
_c1960
300 _a100
650 _aDRWAGUNASHATRAM
999 _c497025
_d497025